000
00294nam a2200121Ia 4500
008
220204s9999 xx 000 0 und d
082
_a
537
_b
MIL.3
100
_a
Mileaf, Harry
245
0
_a
Basic electricity. V 3
260
_a
Bombay
_b
Taraporevala
_c
1974
650
_a
Electricity
942
_c
BK
999
_c
22727
_d
22727